000 01660cam a22004094i 4500
003 PE-LiUPU
005 20250731183424.0
008 150706s r 000 0 d
020 _a9789682475580
035 _a(Sirsi) i9789682475580
040 _aPE-LiUPU
_bspa
_cPE-LiUPU
_erda
049 _aPRUA
082 0 4 _a729
_bV39
_221
100 1 _aVélez González, Roberto,
_eautor.
245 1 3 _aLa ecología en el diseño arquitectónico :
_bdatos prácticos sobre diseño bioclimático y ecotecnias /
_cRoberto Vélez González.
264 1 _aMéxico :
_bTrillas,
_c2007.
300 _a122 páginas :
_bilustraciones, tablas, gráficos, figuras ;
_c27 cm.
336 _atext
_2rdacontent
337 _aunmediated
_2rdamedia
338 _avolume
_2rdacarrier
504 _aIncluye bibliografía.
505 0 _aDatos básicos para el diseño bioclimática -- Criterios básicos de diseño bioclimático -- Ecotécnicas.
526 _aP158
526 _aP146
526 _aP17
526 _aP12
526 _aP06
541 _g015-0010922;
650 0 4 _aDecoración y ornamentación arquitectónicas.
650 0 4 _aEcología humana.
910 _agl
_bjv
_cng
_d20091014
942 _2ddc
_cBOOK
949 _a729 V39
_wDEWEY
_c1
_i60575
_lCCODEBUL1
_mBUL
_p18.00
_r0
_sY
_tBOOK
_u2015-7-6
_xINGENIERIA
_PP06
_o.STAFF. Colección General
994 _aC0
_bPEPRU
596 _a1
999 _a729 V39
_wDEWEY
_c49998
_i60575
_d49998
_e2016-5-30
_f2021-11-10
_g8
_lCCODEBUL1
_mBUL
_n2
_p18.00
_q1
_r0
_sY
_tBOOK
_u2015-7-6
_xINGENIERIA
_PP06
_o.STAFF. Colección General
980 _81
_gALBERTO SANCHEZ Responsable de Automatización